Giếng nước, hồ nước và đầm phá trong sinh hoạt đời thường và trong tâm thức dân gian người dân Quảng Bình

Tìm hiểu quá trình phát triển và giá trị giếng nước, hồ nước, đầm, phá trong từng vùng quê ở Quảng Bình bằng những điển hình theo từng giai đoạn từ giếng đất, hồ đất, giếng gạch, hồ gạch, giếng đá, hồ đá... những truyền thuyết, nh...

Cijeli opis

Spremljeno u:
Bibliografski detalji
Glavni autor: Nguyễn, Văn Tăng
Format: Knjiga
Jezik:Undetermined
Izdano: Hà Nội Văn hóa Thông tin 2014
Teme:
Oznake: Dodaj oznaku
Bez oznaka, Budi prvi tko označuje ovaj zapis!
Thư viện lưu trữ: Trung tâm Học liệu Trường Đại học Cần Thơ
LEADER 01299nam a2200205Ia 4500
001 CTU_190987
008 210402s9999 xx 000 0 und d
082 |a 398.0959745 
082 |b T116 
100 |a Nguyễn, Văn Tăng 
245 0 |a Giếng nước, hồ nước và đầm phá trong sinh hoạt đời thường và trong tâm thức dân gian người dân Quảng Bình 
245 0 |c Nguyễn Văn Tăng 
260 |a Hà Nội 
260 |b Văn hóa Thông tin 
260 |c 2014 
520 |a Tìm hiểu quá trình phát triển và giá trị giếng nước, hồ nước, đầm, phá trong từng vùng quê ở Quảng Bình bằng những điển hình theo từng giai đoạn từ giếng đất, hồ đất, giếng gạch, hồ gạch, giếng đá, hồ đá... những truyền thuyết, những giai thoại và văn nghệ dân gian đang truyền tụng. Giới thiệu một số giếng nước, hồ đầm nổi tiếng trong dân gian ở Quảng Bình... 
650 |a Folklore,Văn hóa dân gian 
650 |z Vietnam,Việt Nam 
910 |a Hải 
980 |a Trung tâm Học liệu Trường Đại học Cần Thơ